000 00454nam a2200133Ia 4500
008 181023s9999 xx 000 0 und d
020 _a9781119357544
100 _aFairhurst, Danielle Stein.
245 _cDanielle Stein Fairhurst.--
_aFinancial modeling in excel for dummies /
260 _aNew Jersey :
_bJohn Wiley & Sons
_c2017
300 _axi, 314 pages.
650 _aFinancial -- mathematical models.
650 _aMicrosoft Excel (Computer file).
999 _c359337
_d359337